পশ্চিমবঙ্গের সাধারণ গ্রন্থাগার সহায়িকা: (Record no. 11162)
[ view plain ]
| 000 -LEADER | |
|---|---|
| fixed length control field | 00823nam a2200217 a 4500 |
| 001 - CONTROL NUMBER | |
| JCCL Control Number | 11162 |
| 003 - CONTROL NUMBER IDENTIFIER | |
| JCCL marc code | BD-JhCC |
| 005 - DATE AND TIME OF LATEST TRANSACTION | |
| control field | 20190808132620.0 |
| 008 - FIXED-LENGTH DATA ELEMENTS--GENERAL INFORMATION | |
| fixed length control field | 190604b 2006ii |||| ||a| 000 0 mul d |
| 035 ## - SYSTEM CONTROL NUMBER | |
| system control number | (BD-JhCC) |
| 040 ## - CATALOGING SOURCE | |
| Original cataloging agency | BD-JhCC |
| Modifying agency | BD-JhCC |
| 041 ## - LANGUAGE CODE | |
| Language code of Book | mul |
| 082 ## - DEWEY DECIMAL CLASSIFICATION NUMBER | |
| Classification number | 020 |
| Author mark and Year | PSC 2006 |
| 245 ## - TITLE STATEMENT | |
| Title | পশ্চিমবঙ্গের সাধারণ গ্রন্থাগার সহায়িকা: |
| Remainder of title | সরকার আদেশাবলী / |
| Statement of responsibility, etc | সম্পাদক ও অনুবাদক: অরুণাভ দাস । |
| 260 ## - PUBLICATION, DISTRIBUTION, ETC. (IMPRINT) | |
| Place of publication, distribution, etc | কলকাতা: |
| Name of publisher, distributor, etc | প্রভা প্রকাশনী; |
| Date of publication, distribution, etc | ২০০৬. |
| 300 ## - PHYSICAL DESCRIPTION | |
| Pagination | ১১৭ পৃঃ . : |
| Dimensions | ২১ সেমি. |
| 651 ## - SUBJECT ADDED ENTRY--GEOGRAPHIC NAME | |
| Geographic name | Library science |
| 700 ## - ADDED ENTRY--PERSONAL NAME | |
| Personal name | দাস, অরুণাভ |
| 942 ## - ADDED ENTRY ELEMENTS (KOHA) | |
| Source of classification or shelving scheme | Dewey Decimal Classification |
| Koha item type | Books |
| Source of classification or shelving scheme | volume number | Damaged status | Not for loan | Home library | Current library | Shelving location | Date of accession | Cost, normal purchase price | Total Checkouts | Full call number | Barcode | Date last seen | Copy number | Koha item type |
|---|---|---|---|---|---|---|---|---|---|---|---|---|---|---|
| Dewey Decimal Classification | V-7 | JCC Rouf Library | JCC Rouf Library | General Stacks | 06/08/2019 | 80.00 | 020 PSC 2006 | 15052 | 08/04/2019 | C-1 | Books | |||
| Dewey Decimal Classification | V-9 | JCC Rouf Library | JCC Rouf Library | General Stacks | 06/08/2019 | 100.00 | 020 PSC 2008 | 15053 | 08/04/2019 | C-1 | Books | |||
| Dewey Decimal Classification | V-11 | JCC Rouf Library | JCC Rouf Library | General Stacks | 06/08/2019 | 100.00 | 020 PSC 2010 | 15054 | 08/04/2019 | C-1 | Books | |||
| Dewey Decimal Classification | V-13 | JCC Rouf Library | JCC Rouf Library | General Stacks | 06/08/2019 | 150.00 | 020 PSC 2012 | 15055 | 08/04/2019 | C-1 | Books | |||
| Dewey Decimal Classification | V-14 | JCC Rouf Library | JCC Rouf Library | General Stacks | 06/08/2019 | 100.00 | 020 PSC 2013 | 15056 | 08/04/2019 | C-1 | Books | |||
| Dewey Decimal Classification | V-15 | JCC Rouf Library | JCC Rouf Library | General Stacks | 06/08/2019 | 80.00 | 020 PSC 2011 | 15057 | 08/04/2019 | C-1 | Books | |||
| Dewey Decimal Classification | V-16 | JCC Rouf Library | JCC Rouf Library | General Stacks | 06/08/2019 | 100.00 | 020 PSC 2015 | 15058 | 08/04/2019 | C-1 | Books | |||
| Dewey Decimal Classification | V-17 | JCC Rouf Library | JCC Rouf Library | General Stacks | 06/08/2019 | 100.00 | 020 PSC 2016 | 15059 | 08/04/2019 | C-1 | Books | |||
| Dewey Decimal Classification | V-18 | JCC Rouf Library | JCC Rouf Library | General Stacks | 06/08/2019 | 200.00 | 020 PSC 2017 | 15060 | 08/04/2019 | C-1 | Books |